Ceuvres completes de M.V.Martial II (Record no. 133912)
[ view plain ]
| 000 -LEADER | |
|---|---|
| fixed length control field | 00577nam a2200217Ia 4500 |
| 003 - CONTROL NUMBER IDENTIFIER | |
| control field | LK-CoDNM |
| 005 - DATE AND TIME OF LATEST TRANSACTION | |
| control field | 20240930121258.0 |
| 008 - FIXED-LENGTH DATA ELEMENTS--GENERAL INFORMATION | |
| fixed length control field | 010623t xxu||||| |||| 00| 1 Illegeable d |
| 040 ## - CATALOGING SOURCE | |
| Original cataloging agency | LK-CoDNM |
| Modifying agency | LK-CoDNM |
| Description conventions | LK-CoDNM |
| 041 ## - LANGUAGE CODE | |
| Language code of text/sound track or separate title | |
| 080 ## - UNIVERSAL DECIMAL CLASSIFICATION NUMBER | |
| Universal Decimal Classification number | 24 |
| Item number | N31 |
| 942 ## - ADDED ENTRY ELEMENTS (KOHA) | |
| Koha item type | Books |
| 100 ## - MAIN ENTRY--PERSONAL NAME | |
| Personal name | Dubois,N.A. |
| 700 ## - ADDED ENTRY--PERSONAL NAME | |
| Personal name | Mangeart,J. |
| 700 ## - ADDED ENTRY--PERSONAL NAME | |
| Personal name | Verger,M.V. |
| 245 ## - TITLE STATEMENT | |
| Title | Ceuvres completes de M.V.Martial II |
| 260 ## - PUBLICATION, DISTRIBUTION, ETC. (IMPRINT) | |
| Name of publisher, distributor, etc. | Librairie Garnier Freres |
| Place of publication, distribution, etc. | Paris |
| 300 ## - PHYSICAL DESCRIPTION | |
| Other physical details | 403p. ; 18 cm |
| 650 ## - SUBJECT ADDED ENTRY--TOPICAL TERM | |
| Topical term or geographic name as entry element | Ceuvres completes de M.V.Martial II |
| 650 ## - SUBJECT ADDED ENTRY--TOPICAL TERM | |
| Topical term or geographic name as entry element | Dubois,N.A. |
| Withdrawn status | Lost status | Damaged status | Not for loan | Collection code | Permanent Location | Current Location | Shelving location | Date acquired | Full call number | Barcode | Koha item type |
|---|---|---|---|---|---|---|---|---|---|---|---|
| Damaged | Old Books Collection | Library National Museum Colombo - Sri Lanka | Library National Museum Colombo - Sri Lanka | Reference | 2024-09-30 | 24 N31 | OJP2318 | Books |


